000 01345nam0a2200349 4500
001 RU\NLR\BIBL_A\022183883
005 20240416114532.0
010 _a978-5-907624-82-5
_94000
021 _aRU
_bКН-П-24-010575
_9КН-П-24-1091
035 _a(NLR Aleph) 022183883
090 _a12991175
_c12991175
100 _a20240401d2023 k y0rusy50 ca
101 0 _arus
102 _aRU
105 _ay z 000yy
181 0 _ai4
_baxxe
182 0 _an
200 1 _aРусофобия
_eистория изобретения страха
_fНаталия Петровна Таньшина
203 _aТекст
_bвизуальный
_cнепосредственный
210 _aМосква
_cКонцептуал
_d2023
215 _a487 с.
_d22
225 1 _aФонд "Светославъ" представляет
300 _aНа 4-й с. обл. авт.: Таньшина Н. П. - д-р ист. наук, проф.
320 _aБиблиогр.: с. 473-487 и в подстроч. примеч.
333 _a16+
606 1 _aРусофобия
_2nlr_sh1
_2nlr_sh2
_3RU\NLR\AUTH\661251246
686 1 _aТ3(2)0-49
700 1 _aТаньшина
_bН. П.
_gНаталия Петровна
_3RU\NLR\AUTH\7791550
942 _cBOOK
980 _aNB